Дополнительность как общефилософский принцип (на основе взаимосвязи понятий причинности и дополнительности)

書誌詳細
第一著者: Долидзе М. Г. Мамука Гивиевич
団体著者: Академия наук Грузинской ССР (АН ГрузССР) Институт философии им. С. Церетели
言語:ロシア語
出版事項: Тбилиси, Мецниереба, 1989
主題:
フォーマット: MixedMaterials 図書
KOHA link:https://koha.lib.tpu.ru/cgi-bin/koha/opac-detail.pl?biblionumber=255541

MARC

LEADER 00000nam0a2200000 4500
001 255541
005 20231101233032.0
010 |a 5520002123 
035 |a (RuTPU)RU\TPU\book\278057 
090 |a 255541 
100 |a 20140329d1989 k y0rusy50 ca 
101 0 |a rus 
102 |a GE 
105 |a y z 001zy 
200 1 |a Дополнительность как общефилософский принцип (на основе взаимосвязи понятий причинности и дополнительности)  |f М. Г. Долидзе  |g Академия наук Грузинской ССР (АН ГрузССР), Институт философии им. С. Церетели 
210 |a Тбилиси  |c Мецниереба  |d 1989 
215 |a 104 с. 
320 |a Библиогр.: с. 95-102. 
606 1 |a Квантового пространства-времени теория  |2 stltpush  |3 (RuTPU)RU\TPU\subj\59477  |9 77009 
610 1 |a философские принципы 
610 1 |a дополнительность 
610 1 |a причинность 
610 1 |a квантовая механика 
675 |a 530.145  |v 3 
700 1 |a Долидзе  |b М. Г.  |g Мамука Гивиевич 
712 0 2 |a Академия наук Грузинской ССР (АН ГрузССР)  |b Институт философии им. С. Церетели  |c (Тбилиси)  |2 stltpush  |3 (RuTPU)RU\TPU\col\19531 
801 1 |a RU  |b 63413507  |c 20140329 
801 2 |a RU  |b 63413507  |c 20140610  |g RCR 
942 |c BK